Landforms in Africa : an introduction to geomorphology

Αποθηκεύτηκε σε:
Λεπτομέρειες βιβλιογραφικής εγγραφής
Κύριος συγγραφέας: Buckle, Colin
Μορφή: Βιβλίο
Γλώσσα:English
Δημοσίευση: London : Longman, 1999
Θέματα:
Ετικέτες: Προσθήκη ετικέτας
Δεν υπάρχουν, Καταχωρήστε ετικέτα πρώτοι!

MARC

LEADER 00000nam a2200000 i 4500
001 1/4980
008 000602s1999 eng d
020 |a 0-582-60334-X 
035 |l 10061425 
040 |a GR-MY-UA  |b gre  |e aacr 
041 0 |a eng 
082 0 |a 551.4096 
100 1 |a Buckle, Colin. 
245 1 0 |a Landforms in Africa :  |b an introduction to geomorphology /  |c Colin Buckle 
260 |a London :   |b Longman,   |c 1999 
300 |a 249 p.  |b fig. 
504 |a Includes bibliographicla references and index 
650 0 0 |a Geomorphology  |z Africa. 
852 |a INST  |b LESVOS  |e 20000602  |h 551.4096 BUC  |p 005100024097  |q 005100024097  |t BK  |y 0 
901 |a BIBL1-2000-2 
909 |a Λ  |b 080102 
922 |a 1ΕΛΗ  |b 200005  |c ΚΠΣ/ΤΓ  |d LEADER 
950 |a 118-1999-09-20 
970 |a ΜΟΥΣΤΑΚΑ  |b ΠΗΝΕΛΟΠΗ  |z 2000/06/24